Australian Musicians - Statistics

General Stats
  • This quiz has been taken 281 times
  • The average score is 5 of 11
Answer Stats
Song Musician % Correct
Chandelier Sia
81%
Can't Get You Out Of My Head Kylie Minogue
78%
You're The One That I Want Olivia Newton-John
74%
Working Class Man Jimmy Barnes
63%
You're The Voice John Farnham
61%
Fancy Iggy Azalea
45%
Battle Scars Guy Sebastian
43%
Chains Tina Arena
39%
Wings Delta Goodrem
19%
Pop a Bottle Jessica Mauboy
17%
Blue Ain't Your Colour Keith Urban
17%
No matching quizzes found
Score Distribution
Percent of People with Each Score
Percentile by Number Answered
Your Score History
You have not taken this quiz